[Event "10. HIT Open 2005 - A"]
[Site "Nova Gorica SLO"]
[Date "2005.02.03"]
[Round "9.21"]
[White "Stajner, Samo"]
[Black "Skoberne, Jure"]
[Result "0-1"]
[WhiteElo "2162"]
[BlackElo "2248"]
[PlyCount "62"]
[EventDate "2005.01.28"]
[EventType "swiss"]
[EventRounds "9"]
[EventCountry "SLO"]
[Source "lmi"]
[SourceDate "2005.02.03"]

1. Nf3 g6 2. g3 Bg7 3. Bg2 e5 4. d3 Ne7 5. O-O O-O 6. e4 Nbc6 7. Be3 d5 8. c3
h6 9. Bc5 Be6 10. Nbd2 Re8 11. Qc2 Qd7 12. Rfe1 f5 13. Bxe7 Rxe7 14. Nh4 Kh7
15. exf5 gxf5 16. Nb3 b6 17. f4 exf4 18. gxf4 d4 19. c4 Rg8 20. Kh1 Bf6 21. Nf3
Qd6 22. Qd2 Reg7 23. Bh3 Bc8 24. Rg1 Ne7 25. Rxg7+ Rxg7 26. Rf1 Ng6 27. Ne1 Nh4
28. Ng2 Bb7 29. Rf2 Qe6 30. Nc1 Qe3 31. Re2 Qxh3 0-1

[Event "10. HIT Open 2005 - A"]
[Site "Nova Gorica SLO"]
[Date "2005.02.03"]
[Round "9.22"]
[White "Ilic, Ljubomir"]
[Black "Astengo, Marcello"]
[Result "1-0"]
[WhiteElo "2229"]
[BlackElo "2074"]
[PlyCount "61"]
[EventDate "2005.01.28"]
[EventType "swiss"]
[EventRounds "9"]
[EventCountry "SLO"]
[Source "lmi"]
[SourceDate "2005.02.03"]

1. e4 e6 2. d4 d5 3. Nc3 Nf6 4. Bg5 Bb4 5. e5 h6 6. Bd2 Bxc3 7. Bxc3 Ne4 8. Bd2
c5 9. c3 cxd4 10. cxd4 Qb6 11. Bc3 Bd7 12. f3 Nxc3 13. bxc3 Qb2 14. Ne2 O-O 15.
Qb1 Qb6 16. Nf4 Rc8 17. Kd2 Qa5 18. Qb2 Nc6 19. Ke3 Nxe5 20. dxe5 Rxc3+ 21. Bd3
d4+ 22. Kf2 g5 23. Rhe1 gxf4 24. Rad1 Rac8 25. Qd2 Qa3 26. Be4 d3 27. Qxf4 Rc2+
28. Kg3 Qb2 29. Bxd3 Rxg2+ 30. Kh3 f5 31. Rg1 1-0

[Event "10. HIT Open 2005 - A"]
[Site "Nova Gorica SLO"]
[Date "2005.02.03"]
[Round "9.24"]
[White "Spelec, Darko"]
[Black "Jaracz, Barbara"]
[Result "1/2-1/2"]
[WhiteElo "2078"]
[BlackElo "2256"]
[PlyCount "43"]
[EventDate "2005.01.28"]
[EventType "swiss"]
[EventRounds "9"]
[EventCountry "SLO"]
[Source "lmi"]
[SourceDate "2005.02.03"]

1. d4 Nf6 2. Nc3 d5 3. Bg5 Nbd7 4. Qd2 e6 5. e4 dxe4 6. f3 exf3 7. Nxf3 Be7 8.
Bd3 O-O 9. O-O-O c5 10. Qf4 cxd4 11. Nb5 Nc5 12. Bc4 Nd5 13. Bxd5 Bxg5 14. Qxg5
exd5 15. Qxd8 Rxd8 16. Nc7 Rb8 17. Rxd4 Be6 18. Rhd1 Kf8 19. Nxd5 Rbc8 20. Nf4
Rxd4 21. Nxe6+ Nxe6 22. Nxd4 1/2-1/2

[Event "10. HIT Open 2005 - B"]
[Site "Nova Gorica SLO"]
[Date "2005.01.28"]
[Round "1.1"]
[White "Laco, Giuseppe"]
[Black "Ursic, Aleksander"]
[Result "1-0"]
[WhiteElo "2104"]
[BlackElo "1948"]
[PlyCount "45"]
[EventDate "2005.01.28"]
[EventType "swiss"]
[EventRounds "9"]
[EventCountry "SLO"]
[Source "lmi"]
[SourceDate "2005.02.03"]

1. c4 c6 2. e4 d5 3. e5 e6 4. a3 Nd7 5. cxd5 exd5 6. d4 Ne7 7. f4 Nf5 8. Nf3
Be7 9. Bd3 Nh4 10. Nxh4 Bxh4+ 11. g3 Be7 12. Nc3 h5 13. Be3 Nb6 14. f5 Bg5 15.
Qc1 Bxe3 16. Qxe3 Rh6 17. f6 g5 18. Qxg5 Rh8 19. Qg7 Rf8 20. O-O Be6 21. Rf5 h4
22. Rh5 hxg3 23. Qxf8+ 1-0

[Event "10. HIT Open 2005 - B"]
[Site "Nova Gorica SLO"]
[Date "2005.01.28"]
[Round "1.2"]
[White "Mircoli, Filippo"]
[Black "Skok, Joze"]
[Result "0-1"]
[WhiteElo "1928"]
[BlackElo "2102"]
[PlyCount "92"]
[EventDate "2005.01.28"]
[EventType "swiss"]
[EventRounds "9"]
[EventCountry "SLO"]
[Source "lmi"]
[SourceDate "2005.02.03"]

1. e4 c6 2. d4 d5 3. Nc3 dxe4 4. Nxe4 Bf5 5. Ng3 Bg6 6. Nf3 Nf6 7. Bd3 Bxd3 8.
Qxd3 e6 9. O-O Bd6 10. Bg5 Nbd7 11. Ne4 Be7 12. Nxf6+ Nxf6 13. Rad1 O-O 14. Ne5
Nd7 15. Bxe7 Qxe7 16. f4 Rad8 17. Qb3 Nxe5 18. fxe5 c5 19. c3 cxd4 20. cxd4 Rd5
21. Rf4 Qd7 22. Qd3 Rd8 23. Qe3 Qa4 24. Rdf1 Rf8 25. Qf2 Qd7 26. h4 Qe7 27. Qg3
Kh8 28. Rg4 f5 29. exf6 gxf6 30. h5 Rxh5 31. Rff4 f5 32. Qf3 Rg5 33. Rxg5 Qxg5
34. Qf2 Rc8 35. Qe3 Qf6 36. Rh4 Rg8 37. Rf4 Rg4 38. Kf2 Qh4+ 39. g3 Rxf4+ 40.
Qxf4 Qxf4+ 41. gxf4 Kg7 42. b4 Kf7 43. Kg3 Ke7 44. Kh4 Kd6 45. Kg5 Kd5 46. Kh6
Ke4 0-1

[Event "10. HIT Open 2005 - B"]
[Site "Nova Gorica SLO"]
[Date "2005.01.28"]
[Round "1.3"]
[White "Skoberne, Renato"]
[Black "Portelli, Severino"]
[Result "1-0"]
[WhiteElo "2083"]
[BlackElo "1903"]
[PlyCount "57"]
[EventDate "2005.01.28"]
[EventType "swiss"]
[EventRounds "9"]
[EventCountry "SLO"]
[Source "lmi"]
[SourceDate "2005.02.03"]

1. Nf3 Nf6 2. g3 g6 3. Bg2 Bg7 4. O-O O-O 5. d4 d6 6. c4 c6 7. Nc3 Nbd7 8. e4
Qc7 9. Bg5 h6 10. Be3 Ng4 11. Bc1 e5 12. h3 Ngf6 13. Be3 Kh7 14. Rc1 Re8 15. d5
a6 16. Ne1 c5 17. Nd3 Rb8 18. Ne2 b5 19. b4 bxc4 20. Rxc4 Nb6 21. Rc2 c4 22.
Nb2 Bd7 23. a3 Qc8 24. Bxb6 Bxh3 25. Nxc4 Bxg2 26. Kxg2 Rxb6 27. Nxb6 Qg4 28.
f3 Qg5 29. Qc1 1-0

[Event "10. HIT Open 2005 - B"]
[Site "Nova Gorica SLO"]
[Date "2005.01.28"]
[Round "1.5"]
[White "Ursic, Mateja"]
[Black "Zivkovic, Jan"]
[Result "1-0"]
[WhiteElo "2048"]
[BlackElo "1850"]
[PlyCount "89"]
[EventDate "2005.01.28"]
[EventType "swiss"]
[EventRounds "9"]
[EventCountry "SLO"]
[Source "lmi"]
[SourceDate "2005.02.03"]

1. e4 g6 2. d4 Bg7 3. Nc3 d6 4. Be3 Nf6 5. Be2 Nc6 6. Qd2 Ng4 7. Bxg4 Bxg4 8.
f3 Bd7 9. Nge2 e6 10. Bg5 f6 11. Bh6 Kf8 12. O-O a6 13. Rae1 b5 14. d5 Ne5 15.
Nd4 Qe7 16. Bxg7+ Kxg7 17. b3 Nf7 18. dxe6 Bxe6 19. Nd5 Bxd5 20. exd5 Qd7 21.
Ne6+ Kg8 22. Qc3 Ng5 23. Qxf6 Nxe6 24. Rxe6 Rf8 25. Qh4 Qg7 26. Rfe1 h6 27. Re7
Qc3 28. Qg4 Rh7 29. Qxg6+ Rg7 30. Rxg7+ Qxg7 31. Qxg7+ Kxg7 32. Re7+ Rf7 33.
Rxf7+ Kxf7 34. Kf2 Kf6 35. f4 Kf5 36. Kf3 h5 37. g3 a5 38. h3 Kf6 39. g4 hxg4+
40. hxg4 Kg6 41. Ke4 Kf6 42. Kd4 c5+ 43. dxc6 Ke6 44. f5+ Ke7 45. f6+ 1-0

[Event "10. HIT Open 2005 - B"]
[Site "Nova Gorica SLO"]
[Date "2005.01.28"]
[Round "1.6"]
[White "Kogoj, Boris"]
[Black "Plaskan, Jure"]
[Result "1-0"]
[WhiteElo "1849"]
[BlackElo "2031"]
[PlyCount "121"]
[EventDate "2005.01.28"]
[EventType "swiss"]
[EventRounds "9"]
[EventCountry "SLO"]
[Source "lmi"]
[SourceDate "2005.02.03"]

1. e4 c5 2. Nf3 d6 3. d3 Nc6 4. Be2 Nf6 5. c4 e6 6. Nc3 Be7 7. a3 O-O 8. Rb1 d5
9. cxd5 exd5 10. O-O d4 11. Na2 b6 12. Bf4 Be6 13. Nc1 b5 14. Ne5 Rc8 15. Bg4
Nxg4 16. Nxg4 Qd7 17. Ne5 Nxe5 18. Bxe5 f6 19. Bg3 c4 20. dxc4 bxc4 21. Ne2 d3
22. Nc3 f5 23. f3 Bf6 24. e5 Be7 25. f4 Rb8 26. Qd2 Rb3 27. Bf2 Rfb8 28. h3 Qb7
29. Na4 Bxa3 30. Nc5 Bxc5 31. Bxc5 Rxb2 32. Rxb2 Qxb2 33. Qa5 Qb5 34. Qxa7 Rc8
35. Bd4 Qd5 36. Bc3 Qc5+ 37. Qxc5 Rxc5 38. Kf2 Bd5 39. g4 Be6 40. Kf3 Kf7 41.
g5 Rb5 42. Ke3 Rb3 43. Kd4 Rb7 44. h4 Rd7+ 45. Ke3 Bd5 46. h5 Be4 47. Rf2 Ke6
48. Ra2 Rb7 49. Kd4 Bf3 50. Ra6+ Ke7 51. h6 g6 52. Ke3 Be4 53. e6 Rb8 54. Bf6+
Ke8 55. Ra7 Bb7 56. Be5 d2 57. Kxd2 Rd8+ 58. Kc3 Be4 59. Rxh7 Rd3+ 60. Kxc4 Rh3
61. Bf6 1-0

[Event "10. HIT Open 2005 - B"]
[Site "Nova Gorica SLO"]
[Date "2005.01.28"]
[Round "1.7"]
[White "Budihna, Kristijan"]
[Black "Buljic, Kemal"]
[Result "1-0"]
[WhiteElo "2023"]
[BlackElo "1810"]
[PlyCount "114"]
[EventDate "2005.01.28"]
[EventType "swiss"]
[EventRounds "9"]
[EventCountry "SLO"]
[Source "lmi"]
[SourceDate "2005.02.03"]

1. e4 c5 2. Nf3 d6 3. d4 cxd4 4. Nxd4 Nf6 5. Nc3 a6 6. Be2 e6 7. Be3 Be7 8. O-O
O-O 9. Kh1 Bd7 10. f4 Bc6 11. Bf3 Qc7 12. f5 e5 13. Nb3 Nbd7 14. Qe2 Ne8 15.
Rad1 Rd8 16. Nd2 Ndf6 17. Nb3 b5 18. Qf2 Rc8 19. a3 Ba8 20. g4 Nd7 21. Rg1 f6
22. Rg3 Rf7 23. Na1 Nf8 24. h4 g5 25. hxg5 fxg5 26. Qd2 h6 27. Rh3 Rh7 28. Ne2
Bf6 29. Ng3 Qf7 30. Qb4 Rc6 31. Be2 Bb7 32. b3 Qc7 33. Qe1 Rc3 34. Bc4+ Rxc4
35. bxc4 Qxc4 36. Qb4 Qc6 37. Rh2 Be7 38. Nb3 Nf6 39. Na5 Qc7 40. Nxb7 Qxb7 41.
Qb3+ Kh8 42. Qd3 Nxg4 43. Rh3 Nf6 44. c4 bxc4 45. Qxc4 Ng4 46. Qe2 Nf6 47. Qc4
Ng4 48. Nh5 Nd7 49. Qd5 Qxd5 50. exd5 Nxe3 51. Rxe3 Rf7 52. Ng3 Bd8 53. Rc3 Nc5
54. Rb1 Ba5 55. Rb8+ Kg7 56. Rc1 Bd2 57. Rf1 Bf4 1-0

[Event "10. HIT Open 2005 - B"]
[Site "Nova Gorica SLO"]
[Date "2005.01.28"]
[Round "1.8"]
[White "Vetrih, Joze"]
[Black "Picco, Ruggero"]
[Result "0-1"]
[WhiteElo "1805"]
[BlackElo "2022"]
[PlyCount "90"]
[EventDate "2005.01.28"]
[EventType "swiss"]
[EventRounds "9"]
[EventCountry "SLO"]
[Source "lmi"]
[SourceDate "2005.02.03"]

1. e4 e5 2. Nf3 Nc6 3. Bb5 f5 4. Bxc6 dxc6 5. Nxe5 Qd4 6. Nf3 Qxe4+ 7. Qe2 Nf6
8. Nc3 Qxe2+ 9. Nxe2 Bd6 10. d3 Nd5 11. Bd2 c5 12. c4 Nb4 13. Bxb4 cxb4 14. d4
b6 15. Ne5 O-O 16. f4 Re8 17. O-O c5 18. Rae1 Bb7 19. d5 Bxe5 20. fxe5 Rxe5 21.
Ng3 Rae8 22. Rxe5 Rxe5 23. Rxf5 Rxf5 24. Nxf5 g6 25. Nd6 Ba6 26. b3 Kf8 27. Kf2
Ke7 28. Ne4 Bc8 29. Kf3 h5 30. Kf4 Bf5 31. h4 a6 32. Ke5 Bxe4 33. Kxe4 Kd6 34.
Kf4 b5 35. Kg5 bxc4 36. bxc4 a5 37. Kxg6 a4 38. Kxh5 b3 39. axb3 axb3 40. g4 b2
41. g5 b1=Q 42. g6 Qf5+ 43. Kh6 Ke7 44. d6+ Kf8 45. h5 Kg8 0-1

[Event "10. HIT Open 2005 - B"]
[Site "Nova Gorica SLO"]
[Date "2005.01.28"]
[Round "1.9"]
[White "Milinkovic, Zdravko"]
[Black "Winkler, Silvo"]
[Result "1-0"]
[WhiteElo "2016"]
[BlackElo "1783"]
[PlyCount "83"]
[EventDate "2005.01.28"]
[EventType "swiss"]
[EventRounds "9"]
[EventCountry "SLO"]
[Source "lmi"]
[SourceDate "2005.02.03"]

1. d4 d5 2. c4 c6 3. cxd5 cxd5 4. Nc3 Nf6 5. Bg5 e6 6. Nf3 Be7 7. e3 O-O 8. Bd3
h6 9. Bh4 Nc6 10. a3 Nh7 11. Bxe7 Qxe7 12. O-O Ng5 13. b4 Bd7 14. Rc1 Rac8 15.
Nxg5 hxg5 16. f4 f5 17. fxg5 Qxg5 18. Rf3 Rf6 19. Rg3 Qh6 20. Rh3 Qg5 21. Rg3
Qh6 22. Ne2 g5 23. b5 Ne7 24. Rxc8+ Bxc8 25. Qc1 Kf7 26. Rh3 Qg7 27. g4 Rh6 28.
Rf3 Qh8 29. Rf2 Rh3 30. Ng3 Kg6 31. Qc7 Rh7 32. Qd6 Qf6 33. Nh5 Rxh5 34. gxh5+
Kxh5 35. Qd8 g4 36. Rc2 Qg5 37. Re2 Kg6 38. Qe8+ Kg7 39. Kh1 Kf6 40. Qf8+ Kg6
41. Rg2 Qf6 42. Rxg4+ 1-0

[Event "10. HIT Open 2005 - B"]
[Site "Nova Gorica SLO"]
[Date "2005.01.28"]
[Round "1.10"]
[White "Bonoli, Luciano"]
[Black "Di Lazzaro, Gabriele"]
[Result "0-1"]
[WhiteElo "1725"]
[BlackElo "2012"]
[PlyCount "104"]
[EventDate "2005.01.28"]
[EventType "swiss"]
[EventRounds "9"]
[EventCountry "SLO"]
[Source "lmi"]
[SourceDate "2005.02.03"]

1. c4 e5 2. g3 Nf6 3. Bg2 Nc6 4. Nc3 Bb4 5. Nf3 Bxc3 6. bxc3 O-O 7. O-O d6 8.
Rb1 Rb8 9. Ng5 Bd7 10. d3 h6 11. Ne4 Nxe4 12. Bxe4 Na5 13. Be3 b6 14. Qc1 f5
15. Bd5+ Kh7 16. f4 e4 17. c5 exd3 18. exd3 dxc5 19. Re1 Bc6 20. Bxc6 Nxc6 21.
Qc2 Qd6 22. Rbd1 Rbd8 23. Qa4 a5 24. d4 cxd4 25. Bc1 Qf6 26. Qc4 dxc3 27. Be3
Rfe8 28. Bf2 Rxe1+ 29. Rxe1 Nd4 30. Rc1 c2 31. Bxd4 Qxd4+ 32. Qxd4 Rxd4 33.
Rxc2 c5 34. Kf2 Kg6 35. Ke3 Kf6 36. h3 Ke6 37. g4 g6 38. Rb2 Rd6 39. Rc2 Kd5
40. gxf5 gxf5 41. Kf3 b5 42. Re2 Re6 43. Rd2+ Kc6 44. Rd8 b4 45. Rf8 c4 46.
Rxf5 c3 47. Rf8 Kd7 48. f5 Re8 49. Rf7+ Re7 50. Rf8 c2 51. f6 Re6 52. Rf7+ Kd6
0-1

[Event "10. HIT Open 2005 - B"]
[Site "Nova Gorica SLO"]
[Date "2005.01.28"]
[Round "1.11"]
[White "Ursic, Jakob"]
[Black "Samuelli, Daniele"]
[Result "1-0"]
[WhiteElo "1943"]
[BlackElo "1700"]
[PlyCount "51"]
[EventDate "2005.01.28"]
[EventType "swiss"]
[EventRounds "9"]
[EventCountry "SLO"]
[Source "lmi"]
[SourceDate "2005.02.03"]

1. e4 c5 2. c3 d5 3. exd5 Qxd5 4. Nf3 Bg4 5. Be2 Nf6 6. d4 e6 7. O-O Bd6 8. Be3
Nbd7 9. Nbd2 O-O 10. Ne1 Bxe2 11. Qxe2 cxd4 12. Bxd4 e5 13. Be3 b5 14. Nc2 a5
15. Rfd1 Qc6 16. Nf3 Ng4 17. Qd2 Nxe3 18. Nxe3 Ra6 19. Nf5 e4 20. Qg5 g6 21.
Rxd6 Qc7 22. Qh6 gxf5 23. Ng5 Nf6 24. Rxf6 Rd8 25. Qxh7+ Kf8 26. Rxf7+ 1-0

[Event "10. HIT Open 2005 - B"]
[Site "Nova Gorica SLO"]
[Date "2005.01.28"]
[Round "1.12"]
[White "Stolfa, Rodolfo"]
[Black "Visintin, Roberto"]
[Result "0-1"]
[WhiteElo "1700"]
[BlackElo "1940"]
[PlyCount "115"]
[EventDate "2005.01.28"]
[EventType "swiss"]
[EventRounds "9"]
[EventCountry "SLO"]
[Source "lmi"]
[SourceDate "2005.02.03"]

1. d4 d5 2. c4 c6 3. cxd5 cxd5 4. Nf3 Nf6 5. Nc3 Nc6 6. e3 e6 7. Bb5 Bd7 8.
Bxc6 Bxc6 9. Ne5 Bd6 10. O-O Bxe5 11. dxe5 Nd7 12. f4 O-O 13. Ne2 Bb5 14. Rf3
Bxe2 15. Qxe2 f6 16. exf6 Qxf6 17. Qb5 Nb6 18. Bd2 Rf7 19. Bc3 Qf5 20. b3 Rc8
21. Bd4 Rc6 22. a4 a6 23. Qb4 Nc8 24. Be5 Rd7 25. Rg3 Qc2 26. Qd4 g6 27. h4 Ne7
28. Qb4 Nf5 29. Rh3 h5 30. a5 Qe4 31. Qxe4 dxe4 32. Ra4 Rd2 33. Rc4 Rxc4 34.
bxc4 Rc2 35. Bc7 Rxc4 36. Bb6 Kf7 37. Kf2 Rc2+ 38. Kg1 Ke8 39. g3 Kd7 40. Rh2
Rc1+ 41. Kg2 Kc6 42. Kh3 Rg1 43. Rg2 Rh1+ 44. Rh2 Rxh2+ 45. Kxh2 Kd5 46. Kh3
Nh6 47. Kg2 Kc4 48. g4 Nxg4 49. Kg3 Kd3 50. f5 exf5 51. Kf4 Nh2 52. Kg5 Nf3+
53. Kxg6 Nxh4+ 54. Kxh5 Ng2 55. Kg5 Nxe3 56. Bc5 Nc4 57. Kxf5 Nxa5 58. Kf4 0-1

[Event "10. HIT Open 2005 - B"]
[Site "Nova Gorica SLO"]
[Date "2005.01.28"]
[Round "1.13"]
[White "Petrovic, Marko"]
[Black "Mikuz, Slavko"]
[Result "1-0"]
[WhiteElo "1927"]
[BlackElo "1634"]
[PlyCount "57"]
[EventDate "2005.01.28"]
[EventType "swiss"]
[EventRounds "9"]
[EventCountry "SLO"]
[Source "lmi"]
[SourceDate "2005.02.03"]

1. c4 Nf6 2. Nc3 g6 3. d4 d5 4. Bf4 c6 5. Nf3 Bg7 6. e3 a6 7. Bd3 Bg4 8. Qb3
Bxf3 9. gxf3 Qd7 10. Na4 b5 11. cxb5 axb5 12. Nb6 Qa7 13. Nxa8 Qxa8 14. Bxb5
cxb5 15. Qxb5+ Nbd7 16. O-O O-O 17. a4 Re8 18. a5 e5 19. dxe5 Nxe5 20. Bxe5
Rxe5 21. Rfc1 Re8 22. a6 Nh5 23. a7 Rf8 24. Ra5 d4 25. Qd5 dxe3 26. fxe3 Bxb2
27. Qxa8 Rxa8 28. Rc7 f6 29. Rb7 1-0

[Event "10. HIT Open 2005 - B"]
[Site "Nova Gorica SLO"]
[Date "2005.01.28"]
[Round "1.14"]
[White "Leban, Matej"]
[Black "Zorat, Paolo"]
[Result "1/2-1/2"]
[WhiteElo "1603"]
[BlackElo "1900"]
[PlyCount "93"]
[EventDate "2005.01.28"]
[EventType "swiss"]
[EventRounds "9"]
[EventCountry "SLO"]
[Source "lmi"]
[SourceDate "2005.02.03"]

1. e4 e5 2. Nf3 Nc6 3. Bb5 a6 4. Ba4 Nf6 5. O-O b5 6. Bb3 Be7 7. Re1 O-O 8. a4
Bb7 9. c3 d6 10. d4 Na5 11. Bc2 Nd7 12. Nbd2 c5 13. Nf1 Bf6 14. Ng3 g6 15. Bh6
Re8 16. b3 cxd4 17. cxd4 exd4 18. Nxd4 Rc8 19. Rc1 bxa4 20. b4 Nc6 21. Ndf5
Nxb4 22. Nxd6 Nxc2 23. Rxc2 Bc6 24. Nxc8 Qxc8 25. Qd6 Re6 26. Rxc6 Qxc6 27.
Qxc6 Rxc6 28. Rd1 Nc5 29. e5 Be7 30. Ra1 Rb6 31. Be3 Rb4 32. Ne2 Nb3 33. Ra2
Kf8 34. f4 h5 35. Nc3 Nc5 36. Nd5 Rb3 37. Nxe7 Rxe3 38. Nc8 Re4 39. g3 Rb4 40.
Nd6 Ke7 41. Kg2 Rb3 42. Kh3 f6 43. Nc4 Ke6 44. exf6 Kxf6 45. Kh4 Rd3 46. Rc2
Ne4 47. Ra2 1/2-1/2

[Event "10. HIT Open 2005 - B"]
[Site "Nova Gorica SLO"]
[Date "2005.01.28"]
[Round "1.15"]
[White "Furlan, Albin"]
[Black "Valic, Marjan"]
[Result "1-0"]
[WhiteElo "2083"]
[BlackElo "1565"]
[PlyCount "51"]
[EventDate "2005.01.28"]
[EventType "swiss"]
[EventRounds "9"]
[EventCountry "SLO"]
[Source "lmi"]
[SourceDate "2005.02.03"]

1. d4 d5 2. Nf3 Bf5 3. e3 a6 4. c4 Nf6 5. Nc3 e6 6. Be2 Bb4 7. O-O Bxc3 8. bxc3
O-O 9. Qb3 b6 10. Ne5 c6 11. g4 Be4 12. f3 Bg6 13. cxd5 cxd5 14. a4 Nfd7 15.
Nxd7 Nxd7 16. c4 dxc4 17. Bxc4 h5 18. h3 Qh4 19. Kg2 Nf6 20. Ba3 Rfe8 21. Bd6
hxg4 22. hxg4 Nd7 23. Rh1 Qg5 24. Rh3 Qxe3 25. Qxe3 b5 26. Rah1 1-0

[Event "10. HIT Open 2005 - B"]
[Site "Nova Gorica SLO"]
[Date "2005.01.28"]
[Round "1.16"]
[White "Pulec, Lea"]
[Black "Diotallevi, Maurizio"]
[Result "0-1"]
[WhiteElo "1554"]
[BlackElo "2083"]
[PlyCount "92"]
[EventDate "2005.01.28"]
[EventType "swiss"]
[EventRounds "9"]
[EventCountry "SLO"]
[Source "lmi"]
[SourceDate "2005.02.03"]

1. c4 e6 2. Nc3 d5 3. cxd5 exd5 4. Nf3 c6 5. d4 Bf5 6. Bf4 Nf6 7. e3 Nbd7 8.
Bd3 Bxd3 9. Qxd3 Be7 10. O-O O-O 11. Ne5 Re8 12. Rfe1 Nxe5 13. Bxe5 Qd7 14. Qe2
Rad8 15. Rad1 Ng4 16. Bg3 f5 17. h3 Nf6 18. Qc2 g6 19. Be5 Qe6 20. Na4 Nd7 21.
Bg3 Rc8 22. Qd2 Bf8 23. Bf4 Qf6 24. Nc3 Re6 25. Ne2 Rce8 26. Bg3 g5 27. f4 h6
28. Nc3 Qg6 29. Qf2 g4 30. h4 Nf6 31. Bh2 Bb4 32. g3 Ne4 33. Qc2 Bxc3 34. bxc3
b5 35. Ra1 Nd6 36. a4 Rxe3 37. Rxe3 Rxe3 38. axb5 Qe6 39. bxc6 Re2 40. Qd3 Re3
41. Qc2 Nb5 42. Kf1 Rxc3 43. Qa4 Rf3+ 44. Kg1 Qe3+ 45. Kh1 Rf2 46. Qd1 Qe4+ 0-1

[Event "10. HIT Open 2005 - B"]
[Site "Nova Gorica SLO"]
[Date "2005.01.28"]
[Round "1.17"]
[White "Pagnutti, Lorenzo"]
[Black "Bacic, Domagoj"]
[Result "1/2-1/2"]
[WhiteElo "2060"]
[BlackElo "1534"]
[PlyCount "120"]
[EventDate "2005.01.28"]
[EventType "swiss"]
[EventRounds "9"]
[EventCountry "SLO"]
[Source "lmi"]
[SourceDate "2005.02.03"]

1. e4 e6 2. d4 d5 3. e5 c5 4. c3 Nc6 5. Nf3 cxd4 6. cxd4 Qa5+ 7. Nc3 a6 8. a3
Nge7 9. Bd3 Ng6 10. O-O Be7 11. Be3 O-O 12. g3 Bd7 13. h4 Rfe8 14. b4 Qc7 15.
Rc1 Qd8 16. Bg5 f6 17. exf6 gxf6 18. Bh6 Bf8 19. Qd2 Bg7 20. Bb1 Qe7 21. Rfe1
Qf7 22. Be3 Nce7 23. Red1 Nc8 24. Qa2 Nd6 25. Nd2 b5 26. f4 f5 27. Nf3 Nc4 28.
Bf2 h6 29. Bd3 Bc6 30. Re1 Nf8 31. Kh2 Nh7 32. Ra1 Qh5 33. Be2 Qf7 34. Kg2 Kh8
35. h5 Rec8 36. Nh4 Nf6 37. Ng6+ Kg8 38. Red1 Kh7 39. Bf3 Ne4 40. Qc2 Be8 41.
Rd3 Rc7 42. Qe2 Rac8 43. Nd1 Ncd6 44. Ne3 Rc1 45. Rxc1 Rxc1 46. Qb2 Qc7 47. Bd1
Rc3 48. Rxc3 Qxc3 49. Qxc3 Nxc3 50. Ne5 Nxd1 51. Nxd1 Bxh5 52. Nb2 Bxe5 53.
fxe5 Nc4 54. Nxc4 bxc4 55. Be1 Bg4 56. a4 Bd1 57. a5 Ba4 58. Kf3 Kg6 59. Kf4
Be8 60. Bd2 Kf7 1/2-1/2

[Event "10. HIT Open 2005 - B"]
[Site "Nova Gorica SLO"]
[Date "2005.01.28"]
[Round "1.18"]
[White "Skrinjar, Matic"]
[Black "Punteri, Marco"]
[Result "0-1"]
[WhiteElo "1527"]
[BlackElo "2051"]
[PlyCount "72"]
[EventDate "2005.01.28"]
[EventType "swiss"]
[EventRounds "9"]
[EventCountry "SLO"]
[Source "lmi"]
[SourceDate "2005.02.03"]

1. e4 g6 2. Bc4 Bg7 3. f4 c6 4. Nf3 d5 5. exd5 cxd5 6. Bb5+ Nc6 7. d4 Nf6 8.
O-O O-O 9. Bxc6 bxc6 10. Ne5 Qc7 11. Nc3 c5 12. Be3 Ba6 13. Rf3 cxd4 14. Bxd4
e6 15. Rh3 Rab8 16. Rb1 Rfc8 17. Qd2 Rb7 18. Nf3 Qc4 19. b3 Qb4 20. Rd1 Rbc7
21. Ne5 Bb7 22. Qe1 Nd7 23. Rdd3 Nc5 24. Bxc5 Rxc5 25. Qd2 Ba6 26. Rd4 Qb7 27.
a3 Qc7 28. Ra4 Bb5 29. Nxb5 Rxb5 30. Qe2 Rc5 31. c4 dxc4 32. Nxc4 Qxf4 33. Rxa7
Qc1+ 34. Qf1 Rxc4 35. bxc4 Bd4+ 36. Re3 Bxe3+ 0-1

[Event "10. HIT Open 2005 - B"]
[Site "Nova Gorica SLO"]
[Date "2005.01.28"]
[Round "1.19"]
[White "Antoniacci, Riccardo"]
[Black "Jug, Tina"]
[Result "1-0"]
[WhiteElo "2000"]
[BlackElo "1507"]
[PlyCount "115"]
[EventDate "2005.01.28"]
[EventType "swiss"]
[EventRounds "9"]
[EventCountry "SLO"]
[Source "lmi"]
[SourceDate "2005.02.03"]

1. e4 e5 2. Nc3 Nf6 3. Bc4 Bc5 4. Nf3 d6 5. h3 Nc6 6. a3 h6 7. O-O Nd4 8. d3
Be6 9. Nxd4 Bxd4 10. Bxe6 fxe6 11. Ne2 Bb6 12. c3 c5 13. c4 O-O 14. Ng3 Bc7 15.
Qb3 b6 16. Qc3 d5 17. b4 dxe4 18. dxe4 Qd4 19. Bb2 Nxe4 20. Qxd4 exd4 21. Nxe4
Rab8 22. Rab1 e5 23. bxc5 bxc5 24. Nxc5 Rfe8 25. Ne4 Bb6 26. a4 Rbd8 27. c5 Bc7
28. Ba3 Bb8 29. Rb7 d3 30. c6 Rd4 31. f3 Rc8 32. Rfb1 Bc7 33. R1b4 Bb6 34. Rxd4
Bxd4+ 35. Kf1 Rxc6 36. Rb3 Ra6 37. Rxd3 Rxa4 38. Ke2 Rc4 39. Kd2 Rc6 40. f4 Rg6
41. g4 Ra6 42. fxe5 Bxe5 43. Ke3 Bc7 44. Kf3 Rc6 45. Bc5 Bb6 46. Bxb6 Rxb6 47.
Ra3 Rb7 48. Kf4 Rf7+ 49. Ke5 Re7+ 50. Kd5 Kf7 51. Ra6 Rd7+ 52. Nd6+ Ke7 53. Ke5
Kf8 54. Rc6 Re7+ 55. Kf5 Kg8 56. Rc8+ Kh7 57. h4 Rd7 58. Ke6 1-0

[Event "10. HIT Open 2005 - B"]
[Site "Nova Gorica SLO"]
[Date "2005.01.28"]
[Round "1.20"]
[White "Valic, Jakob"]
[Black "Belardinelli, Franco"]
[Result "1-0"]
[WhiteElo "1507"]
[BlackElo "2000"]
[PlyCount "82"]
[EventDate "2005.01.28"]
[EventType "swiss"]
[EventRounds "9"]
[EventCountry "SLO"]
[Source "lmi"]
[SourceDate "2005.02.03"]

1. e4 c5 2. Nf3 d6 3. d4 cxd4 4. Nxd4 Nf6 5. Nc3 g6 6. Bc4 Bg7 7. O-O O-O 8. h3
Nc6 9. Nf3 a6 10. a4 Bd7 11. Bg5 Rc8 12. Qd2 Na5 13. Bd3 Nc4 14. Bxc4 Rxc4 15.
e5 Ne8 16. Rad1 Bc6 17. Nd5 Bxd5 18. Qxd5 Qc7 19. Bxe7 Rc5 20. exd6 Rxd5 21.
dxc7 Nxc7 22. Bxf8 Kxf8 23. c3 Ra5 24. Rfe1 Bf6 25. Rd7 Ne6 26. Rxb7 Rxa4 27.
Ne5 Bxe5 28. Rxe5 Ra1+ 29. Kh2 Rd1 30. c4 Rc1 31. b3 h6 32. b4 Rxc4 33. Ra5 Rc6
34. Ra7 Nc7 35. Rc5 Rxc5 36. bxc5 Ne6 37. c6 Ke8 38. Rxa6 Kd8 39. Ra7 f6 40.
Rf7 f5 41. Rf6 Ng5 1-0

[Event "10. HIT Open 2005 - B"]
[Site "Nova Gorica SLO"]
[Date "2005.01.28"]
[Round "1.21"]
[White "Bembich, Corrado"]
[Black "Bizjak, Nejc"]
[Result "0-1"]
[WhiteElo "2000"]
[BlackElo "1500"]
[PlyCount "71"]
[EventDate "2005.01.28"]
[EventType "swiss"]
[EventRounds "9"]
[EventCountry "SLO"]
[Source "lmi"]
[SourceDate "2005.02.03"]

1. d4 d5 2. c4 Nf6 3. Nc3 e6 4. Bg5 Be7 5. Nf3 O-O 6. e3 b6 7. Bd3 Re8 8. O-O
Bb7 9. Re1 c5 10. Qc2 g6 11. e4 dxe4 12. Nxe4 Bxe4 13. Bxe4 Nxe4 14. Bxe7 Rxe7
15. Qxe4 Nd7 16. d5 Re8 17. Rad1 exd5 18. Qxd5 Nf6 19. Qc6 Rxe1+ 20. Rxe1 Rc8
21. Qa4 Qd7 22. Qxd7 Nxd7 23. Re7 Rd8 24. g3 Kf8 25. Re3 Nf6 26. h3 Re8 27.
Rxe8+ Kxe8 28. Nd2 Ke7 29. a4 a5 30. Kg2 Ke6 31. f4 h5 32. Kf3 Kf5 33. Nf1 Ke6
34. Ne3 Nd7 35. g4 hxg4+ 36. hxg4 0-1